zpět

Detail výsledku týmu

U Lucerny ČT, Brno

Datum a čas kvízu

33.5 Celkem bodů Celkový počet nahraných bodů na tomto kvízu bez doplňovacích otázek.
3. Pořadí na kvízu Konečné umístění týmu na tomto kvízu.

Zaznamenané odpovědi

# Otázka Odpověď Body Výsledky
1. Senát nominoval rekordních 125... Jan Kubiš, Adolf Opálka 0.5
2. Předsednictví v Radě Evropské... Maďarsko 1
3. Jak se jmenuje či jak si říká... Martin Mikyska / Mikýř 1
4. Americký výrobce čipů prezentu... Nvidia 1
5. Naše talentovaná 24letá reprez... plavání 1
11. Jak se nazývá specializované o... A 1
12. Jak se jmenuje ovoce na obrázk... papája 1
13. Nyní nás bude zajímat čínský a... kiwi 1
14. Vypište z následující řady dva... jackfruit, rambutan 0.5
15. Níže jsou názvy tří odrůd jabl... C 1